Разработка автономного источника стабильной частоты и напряжения; Аналитическое исследование работы СГ-НПЧ на сеть бесконечной мощности: промежуточный отчет о НИР; тема: 7-30/78

Detaylı Bibliyografya
Müşterek Yazar: Томский политехнический институт (ТПИ) (595)
Diğer Yazarlar: Сипайлов Г. А. Геннадий Антонович (руководитель), Цукублин А. Б. Анатолий Борисович (исполнитель), Лукутин Б. В. Борис Владимирович
Dil:Rusça
Baskı/Yayın Bilgisi: Томск, 1979
Konular:
Materyal Türü: Kitap
KOHA link:https://koha.lib.tpu.ru/cgi-bin/koha/opac-detail.pl?biblionumber=175995

MARC

LEADER 00000nbm0a2200000 4500
001 175995
005 20240116141338.0
029 0 0 |a SU  |b 78076626  |f ТПУ 
035 |a (RuTPU)RU\TPU\book\190796 
035 |a RU\TPU\book\173922 
090 |a 175995 
100 |a 20100219d1979 k y0rusy50 ca 
101 0 |a rus 
102 |a RU 
105 |a a p 001zy 
200 1 |a Разработка автономного источника стабильной частоты и напряжения  |a Аналитическое исследование работы СГ-НПЧ на сеть бесконечной мощности  |e промежуточный отчет о НИР  |e тема: 7-30/78  |f Томский политехнический институт (ТПИ) ; рук. Г. А. Сипайлов , А. Б. Цукблин ; Б. В. Лукутин 
210 |a Томск  |d 1979 
215 |a 38 л. 
320 |a Библиогр.: с. 33-38. 
610 1 |a отчеты о НИР 
610 1 |a автономные источники 
610 1 |a параллельная работа 
610 1 |a стабильная частота 
610 1 |a аналитические исследования 
610 1 |a мощность 
610 1 |a труды учёных ТПУ 
675 |a 621.313.12(04)  |v 3 
702 1 |a Сипайлов  |b Г. А.  |c специалист в области электромеханики  |c профессор Томского политехнического университета  |f 1920-2004  |g Геннадий Антонович  |3 (RuTPU)RU\TPU\pers\12400  |4 673 
702 1 |a Цукублин  |b А. Б.  |c специалист в области электротехники  |c доцент Томского политехнического университета, кандидат технических наук  |f 1939-  |g Анатолий Борисович  |3 (RuTPU)RU\TPU\pers\27934  |4 677 
702 1 |a Лукутин  |b Б. В.  |c специалист в области электротехники  |c профессор Томского политехнического университета, доктор технических наук  |f 1948-  |g Борис Владимирович  |3 (RuTPU)RU\TPU\pers\21974  |4 677  |9 9293 
712 0 2 |a Томский политехнический институт (ТПИ)  |c (1944-1991)  |3 (RuTPU)RU\TPU\col\1123  |4 595 
801 1 |a RU  |b 63413507  |c 20090521  |g PSBO 
801 2 |a RU  |b 63413507  |c 20150908  |g RCR 
942 |c BK